LEADER 00816nam a2200205 i 4500 001 000000164379 003 CaOOAMICUS 005 20070913000000.0 008 070913s1977 it u000 u ita u 013 $a141747 040 $aSeMil$bita 100 1 $aCastellaneta, Carlo,$d<1930-2013>.$0(OLS)http://semarc/name/19112 245 14$aGli incantesimi ; La dolce compagna /$cCarlo Castellaneta ; prefazione dell'Autore. 260 $aMilano :$bClub Italiano dei Lettori,$c1977. 300 $a328 p. ;$c23 cm. 850 $aSeMil 852 $aSeMil$W1$xVenegono$y1$m1A IV 219$j236094$B115646$CSeMilBibl$Z2$F126529 $81 961 $aRecupero: Altro 996 $6245$aGli incantesimi ; La dolce compagna$9(OLS)http://semarc/title/234526 996 $6260$aMilano :$bClub Italiano dei Lettori$9(OLS)http://semarc/publisher/37733 LEADER 01479nam a2200337 i 4500 001 000000123475 003 CaOOAMICUS 005 20220628170631.0 008 040402s1998 sz u000 u ita u 013 $a96171 020 $a88-900242-0-8 040 $aSeMil$bita 245 00$aSan Zenone :$bprope ripa de Laco /$cfotografie di Luciano Romano. 264 1$aChiasso :$bF.M.R.E.S.A. Editore,$c1998. 300 $a88 p. :$briccamente ill. ;$c34 cm. 490 1 $aLe antiche chiese di Campione d'Italia 500 $aIn cofanetto. - In mezzo al front. : Testi a cura dell'editore 541 0 $aOmaggio card. C.M. Martini (5L X 21) 650 4$aCampione d'Italia - Chiese - San Zenone.$0(OLS)http://semarc/subject/23569 700 1 $aRomano, Luciano.$0(OLS)http://semarc/name/51264 830 3$aLe antiche chiese di Campione d'Italia.$0(OLS)http://semarc/title/14955 850 $aSeMil 852 $aSeMil$W1$xVenegono$y1$m5L X 21$j78197$B78197$CSeMilBibl$Z2$F81622 $81 852 $aSeMil$W1$xVenegono$y1$m3P VI 499$j234344$B241688$CSeMilBibl$Z2$F241688 $81 941 1 $a4 961 $aOmaggio: Martini Card. Carlo Maria. -- Esemplare n. 055 961 $aEsemplare n. 357 996 $6020$a88-900242-0-8$9(OLS)http://semarc/number/109088 996 $6245$aSan Zenone :$bprope ripa de Laco$9(OLS)http://semarc/title/181607 996 $6264$aChiasso :$bF.M.R.E.S.A. Editore$9(OLS)http://semarc/publisher/33116